| 000 | 00810 a2200241 4500 | ||
|---|---|---|---|
| 005 | 20260317094806.0 | ||
| 020 | _a9781718221093 | ||
| 050 |
_aBF295 _bLEE 2026 |
||
| 100 |
_aLee,Timothy D _eauthor |
||
| 245 |
_aMotor Learning and Perfomance : _bFrom Principles to Applications / _cTimothy D.Lee and Richard A.Schmidt |
||
| 250 | _aseventh edition | ||
| 264 |
_aChampaign : _bHuman Kinetics, _c2026 |
||
| 300 |
_a331 pages _billustrations |
||
| 336 |
_2rdacontent _atext _btxt |
||
| 337 |
_2rdamedia _aunmediated _bn |
||
| 338 |
_2rdacarrier _avolume _bnc |
||
| 500 | _aincludes table of contents | ||
| 650 | _amotor learning and perfomance | ||
| 650 | _amotor learning process | ||
| 700 |
_aLee Timothy. D _eauthor |
||
| 700 |
_aSchmidt Richard. A _eauthor |
||
| 942 |
_2lcc _cBK _eseventh edition _h295 _iLEE _kBF |
||
| 999 |
_c11728 _d11728 |
||